Home Office HQ goes £60m over budget. (Record no. 61545)

MARC details
000 -LEADER
fixed length control field 00798cam a2200205 4500
001 - CONTROL NUMBER
control field WB3532-05
008 - FIXED-LENGTH DATA ELEMENTS--GENERAL INFORMATION
fixed length control field 000000n1999 000 0 eng u
035 ## - SYSTEM CONTROL NUMBER
System control number (Sirsi) u102539
245 ## - TITLE STATEMENT
Title Home Office HQ goes £60m over budget.
260 ## - PUBLICATION, DISTRIBUTION, ETC.
Date of publication, distribution, etc. 1999
490 ## - SERIES STATEMENT
Series statement Contract Journal
Volume/sequential designation 400(6239) 18 August 1999, 1(1)
520 ## - SUMMARY, ETC.
Summary, etc. The Home Officeαs decision to build a new headquarters building rather than to refurbish its existing Queen Anneαs building could cost an extra £160m in total. The Home Office is currently negotiating the terms of a break option with its landlord Land Securities.
650 ## - SUBJECT ADDED ENTRY--TOPICAL TERM
Topical term or geographic name entry element PFI
650 ## - SUBJECT ADDED ENTRY--TOPICAL TERM
Topical term or geographic name entry element PRIVATE FINANCE INITIATIVE
650 ## - SUBJECT ADDED ENTRY--TOPICAL TERM
Topical term or geographic name entry element HOME OFFICE
650 ## - SUBJECT ADDED ENTRY--TOPICAL TERM
Topical term or geographic name entry element BREAK OPTIONS
650 ## - SUBJECT ADDED ENTRY--TOPICAL TERM
Topical term or geographic name entry element CONSTRUCTION PROJECTS
690 ## - LOCAL SUBJECT ADDED ENTRY--TOPICAL TERM (OCLC, RLIN)
Topical term or geographic name as entry element BUILT ENVIRONMENT
942 ## - ADDED ENTRY ELEMENTS (KOHA)
Suppress in OPAC 0
Holdings
Withdrawn status Lost status Source of classification or shelving scheme Damaged status Not for loan Home library Current library Shelving location Date acquired Total Checkouts Full call number Barcode Date last seen Copy number Price effective from Koha item type
    Dewey Decimal Classification     London London News article 22/11/1999   WB3532-05 102539-1001 06/08/2019 1 06/08/2019 News article